| 000 | 00383nam a22001457a 4500 | ||
|---|---|---|---|
| 082 | _aT-234 | ||
| 100 |
_aShehryar Khan _951458 |
||
| 245 | _aEffects of Humanitarian Conflict on Livelihoods in Khyber Agency | ||
| 260 |
_aRisalpur, _bMCE, _c2018. |
||
| 300 | _a74p. | ||
| 526 |
_a0 _b0 _c0 _dT_234 |
||
| 650 |
_aThesis _934811 |
||
| 700 |
_aDr. Naeem Shahzad _934734 |
||
| 942 |
_2ddc _cBK |
||
| 999 |
_c554134 _d554134 |
||